000
00210nam a2200109Ia 4500
100
_a
RUDOLF FLESCH
942
_c
BK
245
_a
THE ART OF CLEAR THINKING
260
_b
#N/A
546
_a
ENGLISH
999
_c
26790
_d
26790